header

Writing double (Record no. 4770)

MARC details
000 -LEADER
fixed length control field 01541nam a2200385 a 4500
082 04 - DEWEY DECIMAL CLASSIFICATION NUMBER
Classification number 820.9/9287
100 1# - MAIN ENTRY--AUTHOR NAME
Personal name London, Bette Lynn.
245 10 - TITLE STATEMENT
Title Writing double
260 ## - PUBLICATION, DISTRIBUTION, ETC. (IMPRINT)
Place of publication Ithaca :
Name of publisher Cornell University Press,
Year of publication 1999.
300 ## - PHYSICAL DESCRIPTION
Number of Pages xii, 234 p. :
Other physical details ill.
490 1# - SERIES STATEMENT
Series statement Reading women writing
650 #0 - SUBJECT ADDED ENTRY--TOPICAL TERM
Topical Term English literature
Topical Term Women and literature
Topical Term Women and literature
Topical Term Authorship
Topical Term Spirit writings
Topical Term Women mediums
856 40 - ELECTRONIC LOCATION AND ACCESS
Uniform Resource Identifier http://site.ebrary.com/lib/rucke/Doc?id=10001772

No items available.

© 2026 Rongo University
Contact us: librarian | system librarian | Rongo university